| 000 | 04808cam a22005414i 4500 | ||
|---|---|---|---|
| 003 | PE-LiUPU | ||
| 005 | 20250731173351.0 | ||
| 008 | 150706s2009 r 000 0 d | ||
| 020 | _a9783815001189 | ||
| 035 | _a(Sirsi) i9783815001189 | ||
| 040 |
_aPE-LiUPU _bspa _cPE-LiUPU _erda |
||
| 049 | _aPRUA | ||
| 082 | 0 | 4 |
_a286.732 _bE.96F _221 |
| 082 | 0 | 4 |
_a230 _bS29 _221 |
| 100 | 1 |
_aSchantz, Borge, _eautor. |
|
| 245 | 1 | 0 |
_aExploring the frontiers of faith : _bfestschrift in honour of Dr. Jan Paulsen / _cEditado por: Borge Schantz; Reinder Bruinsma. |
| 264 | 1 |
_aLueneburg, Germany : _bAdvent-Verlag, _c©2009. |
|
| 300 |
_a463 páginas ; _c23 centímetros. |
||
| 336 |
_atext _2rdacontent |
||
| 337 |
_aunmediated _2rdamedia |
||
| 338 |
_avolume _2rdacarrier |
||
| 500 | _aIncluye referencias bibliográficas. | ||
| 505 | 0 | _aJan Paulsen: a visionary Viking at the helm -- Borge Schantz -- The backbone of spiritual leadership: battling in prayer -- Peter P.J. Beyerhaus -- Towards an authentic Adventist identity -- Bryan W. Ball -- Is the postmodern Adventist a threat to the unity of his church? -- Reindar Bruinsma -- Why Adventists defend religious freedom: the Biblical roots -- John Graz -- A critique of an appraisal: Seeking a sanctuary revisited -- Sakae Kubo -- Waldensian heritage: Lux Lucet in Tenebris -- Richard Muller -- A prophetic community today: imaginative visionaries and social activists for the third millennium -- Zdravko Zack Plantak -- Keepers of the flame or preservers of the ashes? To be faithful to the past means to move forward in the spirit of our predecessors -- Rolf J. Pohler -- 1 Chronicles 16:8-36 as literary source and theological frame of reverence for Revelation 14:6-7 -- Wim Altink -- The Exodus-motif in Psalm 23 -- Radisa Antic -- Parallel Old Testament laws as a hermeneutical key -- Kai Arasola -- Dealing with "present truth": 2 Peter 1:12 revisited -- oberto Badenas -- "How long, O Lord, how long?" -- Richard P. Lehmann -- "And surely I am w ith you always, to the very end of the age" -- Anders Eyvind Nielsen -- The Bible as "story": a methodological opportunity -- Gunnar Pedersen -- "Holy Spirit, faithful guide" -- Paul Birch Petersen.-The costly lack of literary imagination in Seventh-day Adventist biblical interpretation -- Laurence A. Turner -- The mission of God and the faithfulness of his people: an exegetical reading of Revelation 14:6-13 -- Bertil Wiklander -- Leadership under the headship of Jesus Christ -- Bjorn Otteson -- Goodbye good-buy: towards an Adventist approach to responsible consumerism -- Michael Pearson -- The boundaries of Christian hospitality in a postmodern setting -- Steven Thompson -- The role of education in the Seventh-day Adventist Church -- Niels-Erik Andreasen -- Thinking ahead: liberal arts education and the future of Adventist mission -- Michael M. Kulakov, Jr -- Challenges to Adventist education in the Middle East -- Svein Myklebust -- Evangelism and inter-faith relations in a world parish - Bert B. Beach -- From mission comity to interdenominational relations: the developmentof the Adventist statement on relationships with other Christian churches -- Stefan Hoschele -- The limitation of God and the free will and holy ignorance of man: towards an understanding of the plight of the un-warned -- Borge Schantz -- The nimble foot -- Sigve K. Tonstad. | |
| 526 | _aSEG42 | ||
| 526 | _aSEG41 | ||
| 526 | _aSEG40 | ||
| 526 | _aSEG39 | ||
| 526 | _aP94 | ||
| 526 | _aP87 | ||
| 526 | _aP86 | ||
| 526 | _aP85 | ||
| 526 | _aP77 | ||
| 526 | _aP76 | ||
| 526 | _aP35 | ||
| 600 | 1 |
_aJan Paulsen. _d1935- |
|
| 650 | 0 | 4 |
_aAdventistas del Séptimo Día _xConmemoraciones. |
| 942 |
_2ddc _cBOOK |
||
| 949 |
_a230 S29 2009 _wDEWEY _c1 _i65405 _lCCODEBUL1 _mBUL _r0 _sY _tBOOK _u2015-7-6 _xBIBLIOTECA _zUNKNOWN _o.STAFF. Colección General |
||
| 949 |
_a234.2 SC31 2009 _wDEWEY _c1 _iFJ01575 _lCCODEBUJ1 _mBUJ _p60.00 _r0 _sY _tBOOK _u2019-07-08 _xEDUCACIÓN _PP14 _o.STAFF -- Colección General Juliaca |
||
| 994 |
_aC0 _bPEPRU |
||
| 596 | _a1 3 4 | ||
| 999 |
_a286.7329 JP _wDEWEY _c50810 _i61626 _f2021-11-11 _g5 _lCCODEBUL1 _mBUL _r0 _sY _tBOOK _u2015-7-6 _xTEOLOGIA _PP35 _0COMPRA _o.STAFF. Colección General _d50810 |
||
| 999 |
_a286.7329 JP _wDEWEY _c2 _i68458 _lLOST _mBUL _p16.00 _r1 _sY _tBOOK _u2015-7-6 _xBIBLIOTECA _zUNKNOWN _o.STAFF. Colección General |
||
| 999 |
_a230 S29 2009 _wDEWEY _c1 _iCW65405 _f2021-12-22 _g2 _lCCODECWL1 _mBWL _p30.00 _r0 _sY _tBOOK _u2015-7-6 _xWHITE _zUNKNOWN _o.STAFF. Centro White |
||
| 999 |
_a234.2 SC31 2009 _wDEWEY _c1 _iFJ01575 _d2019-11-11 _e2017-6-5 _f2022-2-3 _g4 _lCCODEBUJ1 _mBUJ _n4 _p60.00 _q1 _r0 _sY _tBOOK _u2016-11-9 _xEDUCACION _PP14 _0COMPRA _o.STAFF. Colección General Juliaca |
||
| 980 |
_81 _gALBERTO SANCHEZ Responsable de Automatización |
||